000 nam a22 a 4500
999 _c3500
_d3500
003 AKMAL
005 20170523095337.0
008 170523s1993 my f00 may d
040 _aAKMAL
245 0 0 _aPanduan mengenai pewujudan penunjuk prestasi di agensi-agensi kerajaan
260 _aKuala lumpur :
_bUnit Pemodenan Tadbiran Malaysia,
_c1993
300 0 0 _av, 44ms. :
_bcol. ill. ;
_c21cm
500 _aTeks sejajar bahasa Malaysia dan Inggeris
521 _aPeringkat pembaca: Dewasa
650 0 _aAchievement motivation
_91159
650 0 _aCivil service
_zMalaysia
_9420
650 0 _aPerformance
_96639
710 2 _aMalaysia.
_bUnit Pemodenan Tadbiran Malaysia
_94208
942 _2ddc
_cBOOK